| 000 | 00758nam a22002297a 4500 | ||
|---|---|---|---|
| 003 | OSt | ||
| 005 | 20131108124046.0 | ||
| 008 | 130530s2000 sp ||||| |||| 00| 0 cat d | ||
| 020 | _a8470913972 | ||
| 040 | _cCDMR | ||
| 245 |
_aConverses sobre els orígens d'Internet a Catalunya _cAlfons Cornella ...[et al.] ; per Oriol Lloret |
||
| 260 |
_aBarcelona _bBeta _c2000 |
||
| 300 | _a158 p. | ||
| 490 | 0 |
_aTheknos _v8 |
|
| 500 | _aAmb entrevistes a Alfons Cornella, Vicent Partal, Artur Serra i Luis Ángel Fernández Hermana | ||
| 650 | 0 | 4 |
_93592 _aInternet _xCatalunya |
| 650 | 0 | 4 |
_94302 _aInternet _xHistòria |
| 650 | 0 | 4 |
_94303 _aAdreces d'Internet _xDirectoris |
| 700 | 1 |
_93572 _aLloret, Oriol _d1972- |
|
| 700 | 1 |
_93573 _aCornella, Alfons |
|
| 942 |
_2udc _cMON |
||
| 999 |
_c6354 _d6354 |
||